दिल्ली अधीनस्थ सेवा चयन बोर्ड / (Record no. 200244)
[ view plain ]
| 000 -LEADER | |
|---|---|
| fixed length control field | 00729nam a22001937a 4500 |
| 005 - DATE AND TIME OF LATEST TRANSACTION | |
| control field | 20240206105647.0 |
| 010 ## - LCCN (DPL NO) | |
| LC control number | HIN-126791 |
| 020 ## - INTERNATIONAL STANDARD BOOK NUMBER | |
| Terms of availability | 1439.00 |
| International Standard Book Number | 9789385888595 |
| 035 ## - SYSTEM CONTROL NUMBER | |
| System control number | HN-99137 |
| 037 ## - SOURCE OF ACQUISITION | |
| Source of stock number/acquisition | DBAD/PUB |
| 082 ## - DEWEY DECIMAL CLASSIFICATION NUMBER | |
| Classification number | 000 |
| 100 ## - MAIN ENTRY--PERSONAL NAME | |
| Personal name | लाल |
| 245 ## - TITLE STATEMENT | |
| Title | दिल्ली अधीनस्थ सेवा चयन बोर्ड / |
| Remainder of title | जैन |
| 260 ## - PUBLICATION, DISTRIBUTION, ETC. (IMPRINT) | |
| Place of publication, distribution, etc | आगरा |
| Name of publisher, distributor, etc | उपकार प्रकाशन |
| 270 ## - ADDRESS | |
| Address | 2/11 ए, स्वदेशी बीमा नगर (शाह सिनेमा के सामने), आगरा-282002 |
| 300 ## - PHYSICAL DESCRIPTION | |
| Extent | 40 p. |
| Dimensions | 28 cm(pbk) |
| 710 ## - ADDED ENTRY--CORPORATE NAME | |
| Corporate name or jurisdiction name as entry element | Roma Chatterjee |
| Relator term | Editor |
| 9 (RLIN) | 59600 |
| 942 ## - ADDED ENTRY ELEMENTS (KOHA) | |
| Source of classification or shelving scheme | Dewey Decimal Classification |
| Item type | Hindi Books |
| Classification part | 000 |
| Call number suffix | दिल्ली |
| Withdrawn status | Lost status | Not for loan | Collection code | Home library | Current library | Date acquired | Source of acquisition | Cost, normal purchase price | Full call number | Barcode | Copy number | Cost, replacement price | Koha item type |
|---|---|---|---|---|---|---|---|---|---|---|---|---|---|
| Non-fiction | Sarojini Nagar | Sarojini Nagar | 18/01/2024 | DBAD/PUB | 265.00 | 000 दिल्ली | HN-99137 | 1 | 265.00 | Hindi Books |
